Responses for Show #7864 - Thursday, November 15, 2018

2018 Teen Tournament semifinal game 2.

Contestants

[<< previous game]

Jack Izzo, a senior from San Diego, California

Caleb Richmond, a sophomore from Bedford, New Hampshire

Maya Wright, a senior from Peachtree City, Georgia

[next game >>]

Jeopardy! Round responses

WRITER'S CHEAT SHEET
SCIENCE
WHAT'S COOKING?
CELEBRITIES
AMERICAN QUOTATIONS
B MINUS
    $200 29
the plot

Jack
    $200 20
poles

Maya
    $200 26
clam chowder

Jack
    $200 28
(Meghan) Trainor

Jack
    $200 23
Patrick Henry

Maya
    $200 25
a rink

Jack
    $400 21
imperative

Caleb
    $400 19
laser

Maya
    $400 30
angel hair

Maya
    $400 27
Professor Snape

Maya
    $400 24
(Caleb: Who is Jefferson?)
(Jack: Who is Franklin?)

Abraham Lincoln

CalebJack
Triple Stumper
    $400 22
lack

Jack
    $600 18
rhyme scheme

Maya
    $600 1
kinetic energy

Jack
    $600 4
churros

Maya
    $600 15
Zendaya

Maya
    $600 11
infamy

Caleb
    $600 8
raid

Maya
    $800 2
paraphrase

Jack
    $800 7
chlorine

Jack
    $800 5
feta

Maya
    $800 16
James Corden

Maya
    $1,400 3
melting pot

Jack
    $800 9
rash

Maya
    $1000 14
synecdoche

Jack
    $1000 13
magma

Maya
    $1000 6
paprika

Jack
    $1000 17
Jay-Z

Maya
    $1000 12
(Jack: What is 44?)

54-40 or Fight

Jack
Triple Stumper
    $1000 10
(Alex: Take the "B" off brogue, and you become [*].)

a rogue

Triple Stumper

Scores at the first commercial break (after clue 15):

Maya Caleb Jack
$4,400 $600 $4,600

Scores at the end of the Jeopardy! Round:

Maya Caleb Jack
$8,400 $600 $5,400

Double Jeopardy! Round responses

CLASSIC TV
GOVERNMENT & POLITICS
ANAGRAMS
FRESHWATER FISH
EUROPEAN CAPITALS
TITLE NAMES
    $400 28
The Brady Bunch

Maya
    $400 29
the Cabinet

Jack
    $400 30
equestrian

Caleb
    $400 15
a piranha

Maya
    $400 17
Athens

Jack
    $400 27
Charlie Brown

Maya
    $800 12
PBS

Caleb
    $800 20
campaign

Maya
    $800 25
unethical

Triple Stumper
    $800 16
a rainbow trout

Maya
    $800 14
the Thames

Jack
    $800 26
Harriet

Maya
    $1200 13
Friends

Jack
    $1200 21
border patrol

Caleb
    $1200 19
the Rotunda

Jack
    $2,000 4
(Caleb: What is a carp?)

a salmon

Caleb
    $1200 1
Prague

Maya
    $1200 7
Simon

Maya
    $1600 23
Jeannie

Caleb
    $6,000 10
(Jack: What's a forum?)

caucuses

Jack
    $1600 18
exchange student

Caleb
    $1600 5
(Caleb: What is a minnow?)

a guppy

MayaCaleb
    $1600 2
Ukraine

Maya
    $1600 8
Katherines

Caleb
    $2000 24
The X-Files

Triple Stumper
    $2000 11
Senator Cruz

Triple Stumper
    $2000 22
a sycophant

Triple Stumper
    $2000 6
a catfish

Caleb
    $2000 3
the Kremlin

Caleb
    $2000 9
Margaret

Jack

Scores at the end of the Double Jeopardy! Round:

Maya Caleb Jack
$17,600 $8,200 $5,400
(lock game)

[wagering suggestions for these scores]

Final Jeopardy! Round responses

THE AMERICAN REVOLUTION ERA
(Alex: [To Jack] Who is...)
(Jack: I don't know.)
JackWho is [picture of person with arms extended] idk good game
$5,384
CalebWho are the people I've met here? Great? Thanks guys!
$2,601
MayaWho is Betsy Ross?
$8,000
Betsy Ross

Final scores:

Maya Caleb Jack
$25,600 $5,599 $16
Finalist 2nd place: $10,000 3rd place: $10,000

Game dynamics:

Coryat scores:

Maya Caleb Jack
$17,600 $10,200 $10,800
24 R,
0 W
10 R,
3 W
(including 1 DD)
17 R
(including 1 DD),
3 W
(including 1 DD)

Combined Coryat: $38,600

[game clues] [game scores] [suggest correction]

Game tape date: 2018-08-29
The J! Archive is created by fans, for fans. Scraping, republication, monetization, and malicious use prohibited; this site may use cookies and collect identifying information. See terms. The Jeopardy! game show and all elements thereof, including but not limited to copyright and trademark thereto, are the property of Jeopardy Productions, Inc. and are protected under law. This website is not affiliated with, sponsored by, or operated by Jeopardy Productions, Inc. Join the discussion at JBoard.tv.